| 000 | 00690nam a2200229Ia 4500 | ||
|---|---|---|---|
| 003 | BUBTL | ||
| 008 | 151213s9999 xx 000 0 und d | ||
| 020 | _a978-935-0286-722 | ||
| 082 | _a342.54 / TAL | ||
| 100 |
_a Thakker ( Takwani ), C.K _92470 |
||
| 245 |
_aLectures on Administrative Law / _cC.K. Thakker ( Takwani ), M.C. Thakker, D.A. Desai |
||
| 250 | _a5th ed. | ||
| 260 |
_aLucknow : _bEastern Book Company, _cc2012. |
||
| 300 |
_aLXXII, 543 p. : _c21 cm. |
||
| 650 |
_aLaw _92473 |
||
| 650 |
_aLaw _92473 |
||
| 700 |
_a Thakker, M.C _92471 |
||
| 700 |
_a Desai, D.A _92472 |
||
| 856 |
_k0 _l0 _yDownload |
||
| 942 |
_2ddc _cBK |
||
| 999 |
_c2477 _d2477 |
||